Open Data Biblioteca Nacional de Portugal


República Portuguesa: Ministério da Cultura
Biblioteca Nacional de Portugal

Catálogo da BNP: acesso por Identificadores Unívocos
Registos Bibliográficos associados ao registo de autoridade

Etiqueta de registo: 00000nam 2200025 450
001 1989984
003 http://id.bnportugal.gov.pt/bib/catbnp/1989984
010 ## $a978-989-99977-8-3
021 ## $aPT$b436637/18
100 ## $a20180514d2018 m y0pory01030103ba
101 0# $apor
102 ## $aPT
105 ## $ay z 000yy
106 ## $ar
200 1# $aOráculo da abundância$fHelena Sousa
205 ## $a1ª ed
210 #9 $a[S.l.]$cEdições Mahatma,$d2018
215 ## $a60 p.$d13 cm$e33 cartas
675 ## $a133.5(035)$vBN$zpor$31489757
700 #1 $92$aSousa,$bHelena$31714424
801 #0 $aPT$bBN$gRPC
856 41 $uhttp://rnod.bnportugal.gov.pt/ImagesBN/winlibimg.aspx?skey=&doc=1989984&img=109723&save=true
900 ## $aBIBNAC$d20180604
966 ## $lBN$mFGMON$sS.A. 58116 P.$x1

Etiqueta de registo: 00000nam 2200025 450
001 2032932
003 http://id.bnportugal.gov.pt/bib/catbnp/2032932
010 ## $a978-989-8958-55-6
021 ## $aPT$b453659/19
100 ## $a20191111d2019 m y0pory01030103ba
101 0# $apor
102 ## $aPT
105 ## $ay z 000yy
106 ## $ar
200 1# $a A alquimia dos números$fHelena Sousa
205 ## $a1ª ed
210 #9 $aAmadora$cFarol,$d2019
215 ## $a223 p.$d23 cm
675 ## $a133.5(035)$vBN$zpor$31489757
700 #1 $92$aSousa,$bHelena$31714424
801 #0 $aPT$bBN$gRPC
856 41 $uhttp://rnod.bnportugal.gov.pt/ImagesBN/winlibimg.aspx?skey=&doc=2032932&img=131904&save=true
900 ## $aBIBNAC$d20191122
966 ## $lBN$mFGMON$sS.A. 173386 V.$x1
966 ## $lBN$mFGMON$sS.A. 173386 V.- D $x1

Etiqueta de registo: 00000nam 2200025 450
001 2066274
003 http://id.bnportugal.gov.pt/bib/catbnp/2066274
010 ## $a978-989-564-200-7
021 ## $aPT$b473005/20
100 ## $a20210413d2020 m y0pory01030103ba
101 0# $apor
102 ## $aPT
105 ## $ay z 000yy
106 ## $ar
200 1# $a A alquimia do nome$fHelena Sousa
205 ## $a1ª ed
210 #9 $aAmadora$cFarol,$d2020
215 ## $a223 p.$d23 cm
675 ## $a133.5(035)$vBN$zpor$31489757
700 #1 $92$aSousa,$bHelena$31714424
801 #0 $aPT$bBN$gRPC
856 41 $uhttp://rnod.bnportugal.gov.pt/ImagesBN/winlibimg.aspx?skey=&doc=2066274&img=149226&save=true
900 ## $aBIBNAC$d20210514
966 ## $lBN$mFGMON$sS.A. 176453 V.$x1
966 ## $lBN$mFGMON$sS.A. 176453 V.-D$x1

Etiqueta de registo: 00000nam 2200025 450
001 2087818
003 http://id.bnportugal.gov.pt/bib/catbnp/2087818
010 ## $a978-989-564-643-2
021 ## $aPT$b483749/21
100 ## $a20211217d2021 m y0pory01030103ba
101 0# $apor
102 ## $aPT
105 ## $ay z 000yy
106 ## $ar
200 1# $a A alquimia do tempo$fHelena Sousa
205 ## $a1ª ed
210 #9 $aAmadora$cFarol,$d2021
215 ## $a184, [5] p.$d23 cm
675 ## $a133.5(035)$vBN$zpor$31489757
700 #1 $92$aSousa,$bHelena$31714424
801 #0 $aPT$bBN$gRPC
856 41 $uhttp://rnod.bnportugal.gov.pt/ImagesBN/winlibimg.aspx?skey=&doc=2087818&img=158758&save=true
900 ## $aBIBNAC$d20211227
966 ## $lBN$mFGMON$sS.A. 178935 V.$x1
966 ## $lBN$mFGMON$sS.A. 178935 V.-D$x1
971 ## $carosa$d20211217
972 ## $e0$d20211227$vasantos
973 ## $csteixeira$d20211220
975 ## $e0$d20211228$visabelm

Etiqueta de registo: 00000nam 2200025 450
001 2202973
003 http://id.bnportugal.gov.pt/bib/catbnp/2202973
010 ## $a978-989-35383-9-5
021 ## $aPT$b528767/24
100 ## $a20250116d2024 m y0pory01030103ba
101 0# $apor
102 ## $aPT
105 ## $ay z 000yy
106 ## $ar
200 1# $a O poder da sua marca$fHelena Sousa
205 ## $a1ª ed
210 #9 $aVila Nova de Famalicão$cEditorial Novembro,$d2024
215 ## $a181, [3] p.$d23 cm
675 ## $a133.5(035)$vBN$zpor$31489757
700 #1 $92$aSousa,$bHelena$31714424
801 #0 $aPT$bBN$gRPC
856 41 $uhttp://rnod.bnportugal.gov.pt/ImagesBN/winlibimg.aspx?skey=&doc=2202973&img=203941&save=true
900 ## $aBIBNAC$d20250218
966 ## $lBN$mFGMON$sS.A. 189845 V.$x1
971 ## $corlando$d20250116
972 ## $d20250218$e0$vlrevez$z0
973 ## $cigoulao$d20250130

OpendataBNP@bnportugal.pt | Mais informação sobre acesso aos dados BNP